Honneur à tous - Mulan [Paroles entières] - Statistiques

Statistiques générales
  • Ce quiz a été pris 1 086 fois
    393 depuis la dernière actualisation
  • Le résultat moyen est 177 sur 267
Statistiques - réponses
X Paroles % Correct
à
98%
A
98%
de
96%
Je
96%
je
96%
ma
96%
ne
96%
Fa
95%
Le
95%
pas
94%
Pas
94%
Chanson Tu
94%
tu
94%
des
92%
faire
92%
se
92%
Ce
91%
ce
91%
91%
la
91%
La
91%
Dialogue
91%
Mais
90%
plus
90%
et
89%
Et
89%
moi
88%
nous
88%
Nous
88%
toi
88%
n'es
87%
te
87%
très
87%
vais
87%
ces
86%
marie
86%
cochonette
85%
crois
85%
les
85%
Les
85%
Pour
85%
pour
85%
mignonette
84%
tout
84%
un
84%
En
83%
en
83%
famille
83%
j'ai
83%
nette
83%
si
83%
Si
83%
Dialogue C'est
82%
c'est
82%
mon
82%
Mon
82%
pire
82%
ta
82%
vu
82%
pur
80%
Avec
79%
ça
78%
saphirs
78%
combleras
75%
fille
75%
briller
74%
d'honneur
73%
l'honneur
73%
L'honneur
73%
Bien
72%
honneur
72%
dans
70%
frotter
70%
es
69%
Chanson Avant
68%
hommes
68%
marier
68%
Savonner
68%
glacé
67%
arrivée
66%
beau
66%
chaud
66%
serait
66%
étais
65%
femmes
63%
père
63%
temps
63%
Quand
62%
tant
62%
verras
62%
aiment
61%
battant
61%
chou
61%
enfantant
61%
filles
61%
goût
61%
Grâce
61%
d'une
60%
rincer
60%
son
60%
taille
60%
tous
60%
ancêtres
59%
coiffant
59%
garçons
59%
rendras
59%
criquet
58%
parti
58%
Qui
58%
agile
57%
Chers
57%
dois
57%
jade
57%
Elle
56%
faux
56%
fous
56%
Chanson Pierre
56%
seul
56%
instantanée
55%
une
55%
Une
55%
que
54%
Aidez-moi
53%
Calmes
53%
gagne
53%
porte-bonheur
53%
beauté
52%
décevais
52%
dociles
52%
erreur
52%
toute
52%
t'interdis
51%
au
50%
Huns
50%
l'empereur
50%
partie
50%
chez
49%
garde
49%
s'apprécie
49%
48%
pomme
48%
servir
48%
Dialogue Mulan
47%
perdrait
47%
collier
46%
devons
46%
finale
46%
marieuse
46%
notes
46%
Trouvant
46%
Touche
45%
allons
44%
Fièrement
44%
il
43%
parer
43%
recette
42%
cas
41%
encore
40%
Chine
39%
choses
39%
l'équilibre
39%
qu'est-ce
39%
sérénité
39%
Fines
38%
j'oublierais
38%
chance
37%
poupées
36%
subtiles
35%
Bouche
32%
bonheur
29%
faudra
29%
graciles
29%
jolies
29%
peau
29%
terreur
29%
X4 Apporte
28%
Fleur
28%
affreuse
27%
exquise
27%
Tiens
27%
Destinée
24%
leur
23%
opaline
23%
coeur
22%
feras
22%
j'croyais
22%
câline
21%
fatale
21%
idéale
20%
D'esprit
19%
épouse
18%
t'offrir
18%
viennent
18%
Affligées
16%
Sois
16%
Monshus
14%
lotus
12%
reflets
12%
aux
11%
Mandarine
11%
Hum
10%
d'opale
9%
Aucun quiz correspondant
Distribution des résultats
% des personnes avec chaque résultat
Percentile par nombre de réponses
Votre historique - résultats
Vous n’avez pas pris ce quiz depuis la dernière actualisation